Statistics for Largest Cities in English-Speaking Countries in North America - Extreme

Click here to take the quiz!

General Stats

  • This quiz has been taken 634 times
  • The average score is 119 of 205

Answer Stats

RankPopulationCountryState / Province / County / IslandHintCity% Correct
18'550'000USANew YorkEmpire State BuildingNew York City
100%
23'972'000USACaliforniaHollywoodLos Angeles
99%
32'721'000USAIllinoisWindy CityChicago
98%
111'300'000USATexasWhere JFK was assassinatedDallas
98%
52'296'000USATexasNASA Mission Control CenterHouston
98%
42'615'000CanadaOntarioCN TowerToronto
98%
56441'000USAFloridaSouth BeachMiami
96%
71'567'000USAPennsylvaniaLiberty BellPhiladelphia
96%
81'563'000USAArizonaValley of the SunPhoenix
96%
101'395'000USACaliforniaClose to Tijuana, MexicoSan Diego
96%
17864'000USACaliforniaGolden Gate BridgeSan Francisco
96%
24684'000USAWashingtonSpace NeedleSeattle
96%
29667'000USAMassachusettsTea PartyBoston
95%
131'041'000JamaicaSurreyCapital of JamaicaKingston
95%
61'650'000CanadaQuebecSt. Lawrence RiverMontreal
95%
15883'000CanadaOntarioCapital of CanadaOttawa
95%
28672'000USADistrict of ColumbiaCapital of the United StatesWashington, D.C.
95%
19850'000USAOhioThe guy who discovered AmericaColumbus
94%
140201'000USAGeorgiaThe guy who discovered America in 1492Columbus
94%
25682'000USAColoradoMile-High CityDenver
94%
27677'000USAMichiganMotownDetroit
94%
18853'000USAIndianaIndy 500Indianapolis
94%
173173'000USAWashingtonNamed after explorer George VancouverVancouver
94%
38604'000CanadaBritish ColumbiaOlympic Winter Games 2010Vancouver
94%
177171'000USAMississippiKing of Pop (Michael ......)Jackson
93%
35623'000USANevadaGamblingLas Vegas
93%
32655'000USATennesseeMusic CityNashville
93%
33632'000USAOregonBiggest city in OregonPortland
93%
91'470'000USATexasThe AlamoSan Antonio
93%
14932'000USATexasLive musicAustin
92%
34631'000USAOklahoma1995 bombingOklahoma City
92%
46491'000USACaliforniaCapital of CaliforniaSacramento
92%
51464'000USAGeorgiaToo busy to hateAtlanta
91%
36622'000USAMarylandOnce second-biggest city in the USBaltimore
91%
16868'000USAFloridaLargest city in FloridaJacksonville
91%
31656'000USATennesseeElvisMemphis
91%
26681'000USATexasBorders Ciudad Juarez, MexicoEl Paso
90%
58411'000USAMinnesotaTwin CitiesMinneapolis
90%
91271'000USAFloridaWalt Disney WorldOrlando
90%
62390'000USALouisianaBourbon StreetNew Orleans
89%
131'027'000USACaliforniaSilicon ValleySan Jose
89%
121'097'000CanadaAlbertaStampedeCalgary
88%
21827'000USANorth CarolinaBank of AmericaCharlotte
88%
22812'000CanadaAlbertaWayne Gretzky played here for the OilersEdmonton
88%
47475'000USAMissouriBBQKansas City
88%
202151'000USAKansasBBQKansas City
88%
75316'000USAMissouriGateway ArchSaint Louis
88%
65388'000USAOhioNBA champions "Cavaliers"Cleveland
87%
67369'000USAFloridaFamous bayTampa
87%
70353'000USAHawaiiWaikiki BeachHonolulu
86%
20833'000USATexasMetroplexFort Worth
85%
78304'000USAPennsylvaniaSteel cityPittsburgh
85%
40559'000USANew MexicoBreaking BadAlbuquerque
84%
68366'000CanadaOntarioNot to be confused with the capital of EnglandLondon
84%
45517'000CanadaQuebecChâteau FrontenacQuebec City
84%
82299'000USAOhioReds and BengalsCincinnati
83%
39600'000USAWisconsinBaseball team "Brewers"Milwaukee
83%
54451'000USANorth CarolinaResearch TriangleRaleigh
83%
81299'000USAAlaskaLargest city in AlaskaAnchorage
82%
37615'000USAKentuckyMuhammad AliLouisville
82%
41531'000USAArizonaSaguaro National ParkTucson
80%
73324'000USATexasLatin for "Body of Christ"Corpus Christi
78%
55444'000USANebraskaWarren BuffettOmaha
78%
80301'000USAMinnesotaCapital of MinnesotaSaint Paul
78%
97258'000USANew YorkNiagara FallsBuffalo
77%
52457'000USAColoradoPikes PeakColorado Springs
77%
87282'000USANew JerseyA New York airportNewark
77%
99257'000USAFloridaSecond-largest city in RussiaSaint Petersburg
76%
72335'000USACaliforniaSpanish for "Saint Anne"Santa Ana
76%
59404'000USAOklahomaOil Capital of the WorldTulsa
76%
57419'000USACaliforniaEast Bay (Bay Area)Oakland
75%
120220'000USAVirginiaConfederacyRichmond
75%
151190'000CanadaBritish ColumbiaLulu IslandRichmond
75%
89277'000USANebraska16th POTUSLincoln
74%
30664'000CanadaManitoba"Gateway to the West"Winnipeg
74%
125212'000USAAlabamaLargest city in AlabamaBirmingham
73%
122218'000USAIdahoCapital of IdahoBoise
73%
106241'000USANevadaThe biggest little city in the worldReno
73%
53453'000USAVirginiaChesapeake Bay Bridge-TunnelVirginia Beach
73%
71350'000USACaliforniaDisneylandAnaheim
72%
117229'000USALouisianaHorace Wilkinson Bridge (Mississippi River)Baton Rouge
72%
149193'000USAUtahOlympic Winter Games 2002Salt Lake City
72%
152190'000USAFloridaCapital of FloridaTallahassee
72%
128210'000USAIowaCapital of IowaDes Moines
71%
44520'000USACaliforniaSan Joaquin ValleyFresno
71%
90274'000BahamasNew ProvidenceCapital of the BahamasNassau
71%
63390'000CanadaNova ScotiaSwissair flight 111Halifax
70%
48474'000USACaliforniaSnoop DoggLong Beach
69%
103249'000USAWisconsinMadtownMadison
69%
49472'000USAArizonaBiggest US city with four lettersMesa
69%
194154'000USAMassachusettsThe City of FirstsSpringfield
69%
179167'000USAMissouriWhere the Simpsons liveSpringfield
69%
142198'000USAArkansasCapital of ArkansasLittle Rock
67%
163179'000USARhode IslandCapital of Rhode IslandProvidence
64%
61390'000USAKansas"The Air Capital of the World"Wichita
64%
141198'000USATexas"Yellow" in SpanishAmarillo
63%
139201'000USAAlabamaRosa ParksMontgomery
63%
107241'000USANorth Carolina"Camel City"Winston-Salem
62%
94264'000USANew JerseyWall Street WestJersey City
61%
66375'000USACaliforniaKern CountyBakersfield
60%
148193'000CanadaSaskatchewanCapital of SaskatchewanRegina
60%
76314'000USAKentuckyHorsesLexington
59%
129209'000USANew YorkKodakRochester
59%
145197'000USAGeorgiaNamed after Princess Augusta of Saxe-GothAugusta
58%
138201'000USAIllinoisCity of LightsAurora
58%
69359'000USAColorado2012 shooting in a cinemaAurora
58%
85285'000USANorth CarolinaICRCMGreensboro
58%
74322'000USACaliforniaInland EmpireRiverside
58%
88280'000USAOhio"The Glass City"Toledo
58%
143198'000USAOhioGoodyearAkron
57%
98258'000USANorth CarolinaResearch TriangleDurham
57%
147194'000USAAlabamaBiggest city on Alabamas gulf coastMobile
57%
181165'000USAOregonWillamette RiverSalem
57%
114235'000USANevadaJust north of Las VegasNorth Las Vegas
56%
156185'000USATennesseeGreat Smoky MountainsKnoxville
55%
105246'000USAVirginiaUSS WisconsinNorfolk
55%
119222'000CanadaSaskatchewanWanuskewin Heritage ParkSaskatoon
55%
124213'000USAWashingtonExpo '74Spokane
55%
64388'000USATexasSix Flags Over TexasArlington
54%
146195'000USAMichiganGerald FordGrand Rapids
53%
113236'000USAVirginiaLies on a bay with the same nameChesapeake
52%
164179'000USAFloridaPort EvergladesFort Lauderdale
52%
96260'000USAIndianaChildren's ZooFort Wayne
52%
43520'000CanadaOntarioCanadian Football Hall of FameHamilton
52%
136201'000USANew YorkBiggest US city that starts with YYonkers
51%
176171'000USACaliforniaMost populous province of CanadaOntario
50%
203150'000USAFloridaL. A. film industryHollywood
49%
100257'000USACaliforniaUCIIrvine
49%
126211'000CanadaOntarioAmbassador Bridge (close to Detroit, MI)Windsor
49%
84286'000USANevadaVegas suburbHenderson
48%
102249'000USATexasTexas TechLubbock
48%
77306'000USACaliforniaAll-America CityStockton
48%
101255'000USATexasRio GrandeLaredo
47%
165177'000USATennesseeChoo ChooChattanooga
46%
130208'000USAWashingtonMount RainierTacoma
46%
123216'000USACalifornia2015 terrorist attackSan Bernardino
45%
174172'000USASouth DakotaLargest city in South DakotaSioux Falls
45%
111237'000USAArizona"The West's Most Western Town"Scottsdale
44%
158184'000USATexasSouthernmost point of TexasBrownsville
41%
137201'000USACaliforniaForest Lawn Memorial ParkGlendale
41%
108240'000USAArizonaSuburb of PhoenixGlendale
41%
23713'000CanadaOntarioAbsolute WorldMississauga
41%
86284'000USATexasDr PepperPlano
40%
92266'000USACaliforniaSan Diego suburbChula Vista
39%
144197'000USALouisianaRed River of the SouthShreveport
39%
183163'000USAOregonSkinner ButteEugene
38%
150191'000USAAlabamaBig Spring ParkHuntsville
37%
195154'000USATexasNamed after a California cityPasadena
37%
95261'000USAArizonaSatellite locations for many technology companiesChandler
34%
161182'000USACaliforniaSix Flags Magic MountainSanta Clarita
34%
157185'000USAMassachusettsHeart of the CommonwealthWorcester
34%
112237'000USATexasExxonMobilIrving
33%
160182'000USAVirginiaHampton Roads metropolitan areaNewport News
33%
166176'000USAArizonaHeadquarter of US Airways GroupTempe
33%
186161'000USAColoradoColorado State UniversityFort Collins
32%
197154'000USAVirginiaGeorge Washington Masonic National MemorialAlexandria
31%
134202'000USANorth CarolinaFort BraggFayetteville
31%
104248'000USAArizonaMost populous incorporated towmGilbert
31%
127211'000USACaliforniaGeorge LucasModesto
31%
109237'000USAFloridaMany Cubans and Cuban AmericansHialeah
30%
193154'000USATexasAbbreviation for San Francisco (disparaging)Frisco
29%
50468'000CanadaBritish ColumbiaPeace ArchSurrey
29%
196154'000USAGeorgiaHeart of GeorgiaMacon
28%
162179'000USAFloridaPSLPort St. Lucie
28%
171175'000USAFloridaWaterfront WonderlandCape Coral
27%
115232'000USACaliforniaTesla MotorsFremont
27%
132207'000USACaliforniaGateway to the Channel IslandsOxnard
27%
110237'000USATexasLake Ray HubbardGarland
26%
135202'000USACaliforniaSurf CityHuntington Beach
25%
121219'000CanadaOntarioIn the Golden HorseshoeKitchener
25%
154187'000USAKansasSprint CorporationOverland Park
25%
168176'000USACaliforniaCalifornia Surf MuseumOceanside
24%
42524'000CanadaOntarioThe Flower Town of CanadaBrampton
22%
60402'000CanadaQuebecRivière des PrairiesLaval
22%
175171'000USAArizonaSuburb of PhoenixPeoria
22%
172175'000USACaliforniaShooting of Andy LopezSanta Rosa
21%
131207'000USACaliforniaAuto Club SpeedwayFontana
20%
93265'000CanadaQuebecAcross from OttawaGatineau
19%
133204'000USACaliforniaYoung, rapidly growing cityMoreno Valley
19%
155185'000CanadaOntarioJust add "Hill" to Number 151 or 120Richmond Hill
19%
188160'000CanadaOntario"Nickel City"Greater Sudbury
17%
187161'000USACaliforniaAntelope ValleyLancaster
17%
189160'000USANorth CarolinaResearch TriangleCary
16%
199153'000USAColoradoDenver Federal CenterLakewood
16%
201151'000USACalifornia"Hidden" in SpanishEscondido
15%
79302'000CanadaOntarioCivic centreMarkham
15%
192157'000USACaliforniaNobel Prize winner John SteinbeckSalinas
15%
178167'000USACaliforniaSuburb of SacramentoElk Grove
14%
153188'000USATexasMetroplexGrand Prairie
14%
118223'000CanadaBritish ColumbiaSuburb of VancouverBurnaby
13%
182164'000USACaliforniaThe Circle CityCorona
13%
191158'000USACaliforniaSan Mateo BridgeHayward
13%
198153'000USACaliforniaLos Angeles County FairPomona
13%
83288'000CanadaOntarioCanada's WonderlandVaughan
13%
184163'000USATexasMetroplexMcKinney
12%
190158'000USACaliforniaAerospace Capital of AmericaPalmdale
12%
180167'000USAFloridaSuburb of MiamiPembroke Pines
12%
167176'000CanadaOntarioCanada's largest RibfestBurlington
11%
200152'000USACaliforniaYahoo!Sunnyvale
11%
169175'000USACaliforniaCrystal CathedralGarden Grove
10%
170175'000USACaliforniaWine-makingRancho Cucamonga
10%
116231'000CanadaQuebecCommuter townLongueuil
9%
159183'000CanadaOntarioSuburb of TorontoOakville
8%
185162'000JamaicaMiddlesexSt. Jago de la Vega CathedralSpanish Town
6%
204150'000JamaicaMiddlesexSuburb of KingstonPortmore
3%

Score Distribution

Percentile by Number Answered

Percent of People with Each Score

Your Score History

You have not taken this quiz